Aprender Office 2016 con 100 ejercicios prácticos (Registro nro. 11500)

Detalles MARC
000 -Cabecera
Campo de control de longitud fija 00725aam a2200289 4500
005 - Fecha y hora de la última transacción
Campo de control 20250624162224.0
008 - Elementos de longitud fija--Información general
Campo de control de longitud fija 150722b2016 xxu||||| |||| 00| 0 spa d
020 ## - International Standard Book Number
Número Internacional Estándar del Libro (ISBN) 9786076226810
041 ## - Idioma
Código de idioma Español
082 ## - Clasificación Decimal Dewey
Número de clasificación 005.5 A654a
Número de documento/ítem
245 ## - Título propiamente dicho
Título Aprender Office 2016 con 100 ejercicios prácticos
260 ## - Pie de imprenta
Lugar de publicación, distribución, etc. México
260 ## - Pie de imprenta
Nombre del editor, distribuidor, etc. Alfaomega
260 ## - Pie de imprenta
Fecha de publicación, distribución, etc. 2016
300 ## - Descripción física
Extensión 216 páginas
490 ## - Serie
Título de la Serie Dirección y Administración de Empresas
490 ## - Serie
Título de la Serie Secretariado Ejecutivo
490 ## - Serie
Título de la Serie Tecnologías de la Información
650 ## - Materia general
Temática (materia general) OFFICE 2016
650 ## - Materia general
Temática (materia general) PDF
650 ## - Materia general
Temática (materia general) WORD
650 ## - Materia general
Temática (materia general) EXCEL
650 ## - Materia general
Temática (materia general) CIRCUITOS RLC
650 ## - Materia general
Temática (materia general) MATLAB
650 ## - Materia general
Temática (materia general) POWERPOINT
942 ## - Punto de acceso adicional KOHA
Tipo de ítem KOHA Libro
Fuente del sistema de clasificación o colocación Dewey Decimal Classification
Existencias
Signatura completa Código de barras Programa Académico Tipo de ítem
005.5 A654a 23813   Libro